Astérix - Click quiz - Statistiques

Statistiques générales
  • Ce quiz a été pris 90 fois
  • Le résultat moyen est 8 sur 15
Statistiques - réponses
Hint Réponse % Correct
Les Douze Travaux d'Astérix
César propose un défi aux gaulois: de remporter douze épreuves jugées irréalisables
81%
Astérix aux Jeux olympiques Astérix et Obélix doivent gagner les jeux olympiques pour aider Alafolix à épouser la princesse Irina
75%
Astérix et Cléopâtre
Cléopatre parie avec César qu'elle réussira à construire un palais en trois mois et charge Numérobis du travail.
70%
Astérix et Obélix: l'Empire du Milieu L’Impératrice de Chine est emprisonnée a la suite d'un coup d’état orchestré par un prince félon.
68%
Astérix et les Indiens Panoramix est enlevé par les Romains mais au lieu de tomber dans le vide il atterit en Amérique
67%
Astérix et le Coup du menhir
A la suite d'un accident, Panoramix oublie la formule de la potion magique et nos gaulois devront se battre contre les Romains et un mystérieux devin
65%
Le Domaine des dieux César choisit une autre stratégie: étendant donnée que la conquête par la force n'a pas marché, c’est la civilisation romaine qui viendra jusqu'au village.
57%
Astérix et Obélix : Mission Cléopâtre Cléopâtre fait construire en trois mois un palais en plein désert pour prouver à César que le peuple égyptien est le plus grand de tous les peuples.
57%
Astérix et Obélix : Au service de Sa Majesté César décide d'envahir l'île de Bretagne.
48%
Astérix et les Vikings Les gaulois accueille Goudurix, le neveu du chef, qui s'avère être un froussard
44%
Astérix : Le Secret de la potion magique Panoramix décide de chercher un successeur a travers la Gaule pour lui transmettre le secret de la potion magique
41%
Astérix chez les Bretons
Astérix et Obélix devront récupérer de la potion magique volée par les Romains
24%
Astérix et la Surprise de César
Quand Falbala et Tragicomix sont kidnappés, Asterix et Obélix partent à leur rescousse.
24%
Astérix le Gaulois
Caïus Bonus, fatigué des défaites des légions romaines, envoie un espion afin de découvrir les secrets du village gaulois.
22%
Astérix et Obélix contre César Les Gaulois prennent l'impôt récolté pour Rome
19%
Aucun quiz correspondant
Distribution des résultats
% des personnes avec chaque résultat
Percentile par nombre de réponses
Votre historique - résultats
Vous n’avez pas pris ce quiz